000 00453nam a2200193 a 4500
001 1767515828745
003 YourLibrary
005 20260105104358.0
008 260104s1993##################000#0#eng##
020 _a9780816024483
082 0 4 _a299.514
_bHAR
100 1 _aHartz, Paula,
_eauthor.
245 1 0 _aTaoism :
260 _c1993.
300 _a128 pages
650 0 _aChina.
942 _cENGLISH
040 _aYourLibrary
_beng
_cYourLibrary
999 _c607174
_d607174